000 00610nam a22001817a 4500
005 20250804114115.0
010 _aENG-146290
020 _c400.00
_a9789361636844
035 _aEN-129822
037 _bDBAD
082 _a305.4
245 _aAccelerate Action For Women's Equality
_cEdited by Asha Sundaram , Petikam Sailaja
260 _aTamil Nadu, India
_bShanlax Publications
_c2025
270 _bTamil Nadu
_a61, 66 T.P.K. Main Road, Vasantha Nagar, Madurai
_e625003
300 _a210p.
_c25cm(pbk)
700 _aSundaram Asha , Petikam Sailaja
_983653
942 _2ddc
_cEN
_h305.4
_mSUM
999 _c212835
_d212835